Statystyki dla Polski alfabet

Kliknij tutaj aby rozwiązać quiz!

Ogólne statystyki

  • Ten quiz został rozwiązany 1 591 razy
  • Średni wynik to 20 z 27

Statystyki odpowiedzi

% Poprawnych
A
98%
E
96%
B
94%
C
94%
D
94%
F
92%
G
92%
I
91%
H
90%
J
89%
K
88%
L
83%
O
80%
M
75%
P
75%
R
75%
N
73%
S
70%
T
70%
U
67%
W
64%
Y
51%
Z
48%
Q
40%
X
40%
X
40%
V
33%

Rozkład punktacji

Percentyl według liczby udzielonych odpowiedzi

Procent ludzi z każdym wynikiem

Twoja historia wyników

Nie rozwiązałeś tego quizu